000 01148naa a22003017a 4500
001 BR8700583
003 BR-BrBNA
005 20240918175745.0
007 ta
008 230509b bl.||||| |||| 00| 0 por d
040 _aBR-BrBNA
_bpor
_cBiblioteca Nacional de Agricultura
041 _a(Pt)
072 _aF30
_b2120
_bG514
090 _aF30 BR8700583
100 1 _aAlmeida, S.R.
100 1 _aNetto, K.A.
100 1 _aCarvalho, A.
111 1 _a10. Congresso Brasileiro de Pesquisas Cafeeiras
_cPocos de Caldas, MG (Brazil)
_d29 Aug 1983
245 1 _aProdutividade de linhagens de mundo novo, Catuai, Bourbon Amarelo, Catimor e Catindu no sul de Minas Gerais [cafe, Brasil]
260 3 _aRio de Janeiro, RJ (Brasil):
_c1983.
500 _aAnais do 10. Congresso Brasileiro de Pesquisas Cafeeiras Rio de Janeiro, RJ (Brasil): 1983. p. 366-367 (BR8700583-AM)F30
650 _aCAFE
650 _aLINHAGEM
650 _aMINAS GERAIS
773 0 _tAnais do 10. Congresso Brasileiro de Pesquisas Cafeeiras
_wF30 BR8700583
_gRio de Janeiro, RJ (Brasil), 1983. p. 366-367
909 _a202404
_bLucia
_c55
_dLucia Elande
942 _cAM
_2AGRIS
999 _c318025
_d318025